[Event "FRA-chT Top 16 GpA"]
[Site "Mulhouse"]
[Date "2005.02.04"]
[Round "1"]
[White "Nataf, Igor Alexandre"]
[Black "Lerch, Patrice"]
[Result "1-0"]
[WhiteElo "2557"]
[BlackElo "2329"]
[Annotator "Golod,V"]
[PlyCount "83"]
[EventDate "2005.02.04"]
[EventType "team"]
[EventRounds "7"]
[EventCountry "FRA"]
[SourceTitle "CBM 106"]
[Source "ChessBase"]
[SourceDate "2005.06.06"]
[SourceVersion "1"]
[SourceVersionDate "2005.06.06"]
[SourceQuality "1"]

1. e4 c5 2. Nf3 Nc6 3. d4 cxd4 4. Nxd4 Nf6 5. Nc3 e6 6. Nxc6 bxc6 7. e5 Nd5 8.
Ne4 f5 9. exf6 {It's best reaction.Now White has a slight, but constant
positional advantage (BB) in the middlegame.} Nxf6 10. Nd6+ Bxd6 11. Qxd6 Qa5+
{Rare move. On this continuation you can find eleven games in Mega Database
2005.} ({This was also seen several times:} 11... Qb6 $5 {You can see my
annotations to Illescas Cordoba,M-Cifuentes Parada,R/Seville,2004/CBM 103(1-0)
(58)}) (11... Ba6) ({and} 11... Qe7) 12. Bd2 Qd5 13. Bb4 {Looks quite logical.
White blockades his opponent's pawn center. In some games, White tried
different moves in this position: 13.Qa3 and 13.Qxd5, but it didn't give them
any special success.} Qxd6 14. Bxd6 $14 Kd8 {Black prepares "Ne8" with the
idea of chasing the bishop away from the weakest square in his camp, and then
intends on moving his central pawns "d" and "e".} ({The following attempts
were undertaken with the same purpose:} 14... Ne4 15. Be5 (15. Ba3 $5) 15...
Nf6 16. c4 c5 17. f3 Bb7 18. O-O-O Rc8 19. Rd3 Rc6 20. Be2 Ke7 21. Rhd1 {
+/=/+/- Ivanov,A-Legaspi,E/Las Vegas,1993(1-0)(34)}) ({and} 14... Kf7 15. Be2
Ne8 16. Be5 d6 17. Bg3 Ke7 18. c4 c5 19. O-O-O Bb7 20. f3 Rd8 21. Be1 Rf8 22.
Bc3 $14 {Salov,V-Kuijf,H/Groningen,1981(1-0)(41)}) 15. Bd3 $146 ({The same
position,with rearrangement of moves,has met in one more game:} 15. b4 $6 Ne8
16. Bg3 d6 17. O-O-O a5 $1 18. b5 cxb5 19. Bxb5 Bd7 20. a4 Bxb5 21. axb5 Ke7
$13 {Kurajica,B-Simic,R/Zagreb,1977(0-1)(38)}) 15... Ne8 16. Bg3 Ke7 ({This
deserves serious attention:} 16... d6 $5 {/\c5,Bb7 /^a8-h1}) 17. O-O-O d5 18.
c4 Nf6 ({Black doesn't have time to develop his bishop:} 18... a5 19. Rhe1 Ba6
$140 $2 20. cxd5 cxd5 21. Bxa6 Rxa6 22. Rxd5 {+/-/+-}) 19. Rhe1 {White didn't
waste any time. He improved the position of his pieces to the maximum level.
The bishop pair, and better pawn chains, guarantee him a constant positional
advantage.} Rd8 20. Bc7 {A common trick. White wants to worsen the position of
the black rook (Rd7) and only then play "Be5".} Re8 $6 ({Perhaps this was
better:} 20... Rd7 21. Be5 a5 {/\Ba6}) 21. c5 Kf7 22. f4 {+/=/+/- Now Black
are in a complete clip!} Nd7 23. Bd6 ({Now, and on the next move, it is bad to
take on "h7":} 23. Bxh7 {in view of:} g6 {/\Nf6 or Rh8 and the white bishop
will be in serious danger!}) 23... a5 {Black doesn't have a better plan, than
moving the "a" pawn and playing "Ba6" on the first chance.} 24. Re3 a4 $2 {
Black voluntarily gives up his pawn.This didn't bring anything good:} (24...
Ba6 {in view of:} 25. Bxh7 Rh8 $140 26. f5 $1 e5 27. Bg6+ Kf6 28. Rde1 $16 e4
$140 $2 {[%tqu "En","Find the killer move!","","","e3e4","",10]} 29. Rxe4 $1
dxe4 30. Rxe4 $18 {[%csl Rf6][%cal Gd6e7]} Kg5 $2 31. Bf4+ Kf6 (31... Kg4 32.
Be3#) 32. Re6#) ({After:} 24... h6 25. Rg3 {/\Bg6+ Black can't hold all of his
weaknesses}) ({I believe this was possible:} 24... g6) ({or even:} 24... Nf6 {
and White still has to work a bit to get through black's defense.}) 25. Bxh7
Rh8 $140 26. f5 $1 {I think Black missed this tactic.} e5 {There is no other
good alternative. For instance:} (26... exf5 $2 27. Bxf5 Nf6 28. Re7+ Kg8 29.
Bc2 $18) ({or} 26... Rxh7 $2 27. fxe6+ Kg8 (27... Kg6 $2 28. Rg3+ Kh6 29. exd7
Bxd7 30. Bf4+ Kh5 31. Rg5+ Kh4 32. Rd3 Re8 $140 33. Rh3+ $1 Bxh3 34. g3#) 28.
e7 $1 Nf6 29. e8=Q+ Nxe8 30. Rxe8+ Kf7 31. Rde1 {and Black is helpless!}) 27.
Bg6+ Kf6 28. Rde1 Ra5 ({After:} 28... e4 {finishes the game a similar rook
sacrifice:} 29. Rxe4 dxe4 30. Rxe4 $18 {[%csl Rf6][%cal Gd6e7] with inevitable
threats}) (28... Rxh2 $2 29. Rxe5 $18 {[%csl Rf6,Rh2]}) 29. Kb1 {White doesn't
want to let Black take on "c5" with a check in certain variations.} Rb5 ({
Again, this is not possible:} 29... Rxh2 $2 {because of:} 30. Bc7 $1 {[%csl
Ra5,Rf6][%cal Gc7d8,Gc7a5]}) ({and} 29... e4 $2 30. Rxe4 $1 dxe4 31. Rxe4 $18)
30. h3 {Black is tied by his hands and feet, so White takes his time improving
his position.} Rh4 31. g4 Kg5 32. Rf1 ({It was possible to start grabbing
pawns:} 32. Be8 $5 Rh8 $140 33. Bxd7 Bxd7 34. Bxe5 $18) 32... Rh8 $2 ({Black
could show a better defense with:} 32... Ba6 33. Rf2 {+/-/+-}) {[%tqu "En",
"Please find the move,which brings for White a decisive advantage!","","",
"e3e5","Again, a bit of tactics!",10]} 33. Rxe5 $1 $18 {Again, a bit of
tactics!} Rxh3 (33... Nxe5 $4 34. Be7+ Kh6 35. g5#) 34. Re2 ({This was
possible right away:} 34. Re7 $5 {and White reaches one more weakness (Pg7).})
34... Rb4 35. Re7 {[%csl Rg7] Even now, it looks quite good.} Ba6 36. Rd1 Bd3+
{Finally Black got his bishop in the game, but that won't save him now.} 37.
Ka1 Bc2 38. Rc1 Nf6 39. Rxg7 {Now the Black king is surrounded by enemy pieces.
That is why it is hard to avoid further material loss!} Rxg4 40. Be7 ({This
ended the game more effectively:} 40. Be8+ Kxf5 (40... Kh6 41. Rxg4 Nxg4 42.
Bf4+ Kg7 43. Rxc2 {[%csl Yc2,Yf4][%cal Yc2c1]}) (40... Kh4 41. Be7 $1 Rxg7 42.
Bxf6+ Rg5 43. Rg1) 41. Rf1+ Ke4 (41... Ke6 $2 42. Re7#) 42. Rxg4+ Nxg4 43. Bg6+
Ke3 44. Bxc2 {and so on.}) 40... Rhg3 ({This also lost immediately:} 40... Bxf5
41. Bh7+ Kh6 (41... Kf4 42. Bd6+ Ke3 43. Bxf5 Rxg7 44. Bxh3) 42. Bxf5 Kxg7 (
42... Rxg7 43. Bxf6 {[%csl Rg7,Rh3]}) 43. Bxf6+ Kxf6 44. Bxg4) 41. Bh7+ Kf4 42.
Rxg4+ ({Black resigned, because after:} 42. Rxg4+ Kxg4 (42... Nxg4 43. Bd6+) (
42... Rxg4 43. Bxf6) 43. Bxf6 Bxf5 44. Bxf5+ Kxf5 45. Bc3 {with an extra piece,
White won't need much time to win the game!}) 1-0

[Event "RUS-chT 12th"]
[Site "Sochi"]
[Date "2005.04.24"]
[Round "6"]
[White "Najer, Evgeniy"]
[Black "Yakovich, Yuri"]
[Result "1/2-1/2"]
[WhiteElo "2615"]
[BlackElo "2565"]
[Annotator "Golod,V"]
[PlyCount "117"]
[EventDate "2005.04.19"]
[EventType "team-tourn"]
[EventRounds "11"]
[EventCountry "RUS"]
[SourceTitle "EXT 2020"]
[Source "ChessBase"]
[SourceDate "2019.10.17"]
[SourceVersion "1"]
[SourceVersionDate "2019.10.17"]
[SourceQuality "1"]
[WhiteTeam "Saransk TPS"]
[BlackTeam "Samara Yunilain"]
[WhiteTeamCountry "RUS"]
[BlackTeamCountry "RUS"]

1. e4 c5 2. Nf3 Nc6 3. d4 cxd4 4. Nxd4 Nf6 5. Nc3 e6 6. Nxc6 bxc6 7. e5 Nd5 8.
Ne4 Bb7 9. c4 Nb4 10. c5 Qb8 {A very rare move.} (10... Qh4 $6 {After this
dubious move, Black gets in a bad position. For further information, you can
see my comments to Movsesian,S-Gavric,M/Neum,2002/CBM 90(1-0)(32)}) (10... Ba6
{can be recommended, see my annotations to Svidler,P-Malakhov,V/Sochi 2005/CBM
107(1/2-1/2)(87)}) 11. f4 $5 ({Another continuation is:} 11. Nd6+ Bxd6 12. exd6
(12. cxd6 $142 a5 13. a3 Nd5 14. Qg4 Kf8 15. Be2 Ba6 16. O-O f5 17. Qf3 Bxe2
18. Qxe2 Kf7 19. Qh5+ g6 20. Qh6 $14 {Groot,A-Leko,P/ICCF Email,1999/76
telechess(1/2-1/2)(27)}) 12... Ba6 13. Qg4 Kf8 14. Bxa6 Nxa6 15. Qc4 Qb4+ 16.
Qxb4 Nxb4 $11 {Van der Wiel,J-Rabiega,R/Essen,2002(1/2-1/2)(24)}) 11... Ba6
$140 12. a3 Bxf1 13. Rxf1 Nd5 14. Qd4 Be7 (14... Qd8 $5 {[%csl Re1,Rh2][%cal
Gd8h4] deserves attention:} 15. Bd2 Be7 (15... Qh4+ $5) 16. f5 exf5 17. Rxf5
O-O 18. O-O-O Rb8 19. Bg5 h6 20. Bxe7 Nxe7 21. Rf3 Ng6 22. Rdf1 $14 {Parligras,
M-Manolache,M/Techirghiol,2000(0-1)(52)}) 15. Bd2 $6 $146 {White wants to
castle. But this is a very risky decision, because the queenside is not a
secure place for White's king. Black governs the open b-file and could
immediately start counterplay. Besides, the knight on d5 is very strong. A
stronger continuation was checked in the next game:} (15. f5 $5 exf5 16. Rxf5
O-O 17. Bd2 (17. Bg5 $142 $36) 17... f6 18. O-O-O fxe5 19. Rxe5 Qb3 $2 (19...
Bf6 $5) 20. Bg5 $36 Rae8 21. Bxe7 Ne3 $2 22. Nf6+ {1-0 Topalov,V-Illescas
Cordoba,M/Cala Galdana,1999(22)}) 15... O-O {Black has finished development
and isready to open the game by 16...f6.} 16. O-O-O {Yet there was time to
evacuate the king to the kingside:} (16. Kf2 $5 {/\Kg1 and so on.}) 16... f6
$15 {Black's advantage is clear thanks to his much better protected king and a
strong knight in the centre of the board.} 17. exf6 {The attempt to exchange
black's knight is not giving big dividends for White:} (17. Nc3 $143 Qb3 18.
Nxd5 cxd5 $17 {[%csl Rc5][%cal Gf8c8]}) 17... Bxf6 18. Nxf6+ Rxf6 19. Rf3 Qf8 {
[%csl Rc5,Rf4][%cal Gf8c5,Gf8f4]} 20. Kb1 Rb8 21. Rc1 Qf7 $6 {Black tries to
make an unsteady position for white. In light of this tactics, the next move
was logical:} (21... Rb5 $5 {But he chooses another and, in my opinion, not
very successful plan.}) 22. Qe4 Rf8 23. Rc4 Qe8 24. Ka2 Qb8 25. Rh3 {Suddenly
Black has some problems with his king.} h6 $6 {Another option was 25...Rg6 in
order not to weaken the light squares.} 26. Rb3 Qe8 27. g3 $14 {White
successfully protected his pawn on f4. All of black's pieces are now located
on the kingside and White has a good moment to pressure the weak pawn a7.} Qh5
28. h4 Rf5 {Black prepared to replace his knight to f6 in order to attack
white's pawn on c5.} 29. Ra4 {Looks promising for White in the next line:} (29.
Rb7 $5 Nf6 30. Qe3 a6 31. Bc3 Nd5 32. Qd3 Nxc3+ 33. Qxc3 $14 {But White
preferred a more secure possibility and forced an exchange of queens.}) 29...
Nf6 30. Qf3 Qxf3 31. Rxf3 {It's not so easy to evaluate this ending. White has
a little advantage thanks to his bishop. Usually in endings in case of playing
on two sides of the board, bishop is much stronger than the knight. But
weakness of White's pawn structure gives Black good chances for counterplay.}
Ra8 (31... Rxc5 $2 32. Bb4 Rc4 33. Kb3 Rxb4+ 34. Rxb4 $16) 32. Rb3 {White
knowingly gives away his c5 pawn in order to open a diagonal a7-g1 for his
bishop. If rooks like open file, so bishops like open diagonals, that are not
blocked by his own pawns.} Rxc5 33. Be3 Rc2 (33... Rb5 $2 34. Rxa7 Rxa7 35.
Bxa7 Rxb3 (35... Ra5 $142 36. Bd4 $16) 36. Kxb3 {+/-/+- the passed a-pawn
decided the game in White's favor.}) 34. Rxa7 Rxa7 35. Bxa7 {White's advantage
is clear thanks to a very important element - the passed a-pawn .} Kf7 {
Deserves attention} (35... Rc4 $5 {which prevents the advancement of thepassed
pawn.}) 36. Rb8 $6 {I like another continuation more:} (36. a4 $142 Nd5 37. a5
Rc4 38. Ra3 Nc7 39. Kb3 Re4 40. a6 $16) 36... Nd5 {The right decision - the
knight is going to the centre. Very dangerous for Black was to start taking
the pawns:} (36... Rg2 $2 37. a4 Rxg3 38. a5 Rf3 (38... Nd5 $2 39. Bc5 $18) 39.
a6 Rxf4 40. b3 Rxh4 (40... Nd5 $2 41. Bc5 Rxh4 42. Bd6 Nc3+ 43. Kb2 Nb5 44.
Rxb5 cxb5 45. a7 $18) 41. Bg1 Rh5 (41... Rg4 $2 42. Be3 Rg2+ 43. Ka1 $18) 42.
b4 Rg5 43. a7 Rg2+ 44. Kb3 Rg3+ 45. Kc2 Ra3 46. a8=Q Rxa8 47. Rxa8 {+/=/+/-})
37. h5 {Artful move - White planned to remove black's rook from the c-file in
order to play Bc5 threatening mate on f8.} c5 {The attempt to take one of the
pawns didn't work:} (37... Nf6 $2 38. a4 Nxh5 39. a5 Nxg3 40. a6 Rc4 41. Kb3
Rc1 42. Be3 Ra1 43. a7 {+/-/+-}) (37... Rg2 $2 38. a4 Rxg3 39. Bc5 {/\Rf8#} g5
40. a5 Nc7 41. Bd6 $18) 38. Kb1 Rc4 39. Rc8 d6 40. Rc6 Rd4 $2 {Black missed a
good option:} (40... Ra4 $1 41. Bb8 Ke7 {and the pawn is untouchable, because
after:} 42. Rxd6 (42. Bxd6+ $4 Kd7 43. Rxc5 Kxd6 $19) 42... Ra8 43. Rxd5 exd5
44. Be5 $15 {White fights only for draw. After this move 40.Rd4? Black is
simply losing a pawn.}) 41. Bb8 $16 Ne7 $6 {After the exchange of rooks, the
ending is totally lost for Black.} (41... Rd1+ $142 42. Ka2 Nf6 43. Bxd6 Nxh5
44. Bxc5 {[%csl Ga3,Gb2][%cal Ga3a4,Gb2b3] +/-/+-}) 42. Rxd6 Rxd6 43. Bxd6 $18
Nf5 44. Bxc5 (44. Be5 $143 Nxg3 45. a4 Ke7 46. Bxg7 Nxh5 47. Bxh6 Kd6 48. Kc2
$16) 44... Nxg3 45. a4 Ke8 46. a5 Kd7 47. a6 Kc8 48. Kc2 $2 {The simpliest way
to win is:} (48. b4 $5 Nxh5 (48... Ne4 49. Kc2 $18) 49. b5 Nxf4 50. b6 Nd5 51.
b7+ Kb8 (51... Kc7 52. Ba7) 52. Bd6+ Nc7 53. Kc2 {[%csl Rc7][%cal Gc2c3,Gc3c4,
Gc4c5,Gc5b6] with mate in 9 moves.}) 48... Nxh5 49. Bd6 ({Now it's not enough:
} 49. b4 $2 {because after:} Nxf4 50. b5 Nd5 51. b6 Nxb6 52. Bxb6 Kb8 $11 {
we have theoretically drawish position.}) 49... Nf6 50. Kd3 (50. b4 $2 {
doesn't work:} Nd5 51. Kb3 (51. b5 $144 Nc7 52. a7 Na8 {[%cal Gg7g5,Yc8b7]})
51... Nc7 52. a7 (52. Bxc7 Kxc7 53. Kc4 Kb6 54. b5 g5 55. fxg5 hxg5 56. Kd4 g4
57. Ke4 e5 58. Ke3 Ka7 $11) 52... Na8 53. Bf8 g5 54. Bxh6 gxf4 55. Bxf4 Kb7 56.
Bb8 Nb6 $11) 50... Nd5 51. Ke4 Nc7 52. a7 $2 {White missed the last chance to
win the game:} (52. Bxc7 $1 Kxc7 $140 53. b4 Kb6 (53... g6 54. b5 h5 55. a7 Kb7
56. b6 $22 Ka8 (56... h4 57. Kf3 g5 58. fxg5 e5 59. g6 e4+ 60. Ke3 $18) 57. Ke5
h4 58. Kd6 Kb7 59. a8=Q+ Kxa8 60. Kc7 $18) (53... g5 54. fxg5 hxg5 55. Ke5 Kb6
56. b5 Ka7 57. Kd6 Kb6 (57... g4 58. Kc6 $18) 58. a7 Kxa7 59. Kc7 $18) (53...
Kc6 54. b5+ Kb6 55. Kd4 h5 56. Ke5 h4 (56... g6 57. Kd6 h4 58. a7 Kxa7 59. Kc7
$18) 57. Ke4 $18 {[%csl Rh4][%cal Ye4f3,Yf3g4]}) 54. b5 h5 (54... Kc7 55. a7
Kb7 56. b6 h5 57. Ke5 h4 58. Kd6 h3 59. a8=Q+ Kxa8 60. Kc7 $18) (54... g6 55.
Kd4 g5 56. fxg5 hxg5 57. Ke5 Ka7 58. Kd6 g4 59. Kc6 $18) 55. Ke5 g6 (55... h4
56. Ke4 g5 57. fxg5 e5 58. Kf3 $18) 56. Kd6 h4 57. a7 Kxa7 58. Kc7 h3 59. b6+
Ka6 60. b7 h2 61. b8=Q h1=Q 62. Qb6#) 52... Na8 53. Be7 $6 (53. Bf8 $142 g5 54.
Bxh6 gxf4 55. Bxf4 Kb7 56. Be3 Nc7 {and Black has good chances for draw.})
53... Kb7 54. Ke5 g5 $11 55. Bxg5 (55. fxg5 $144 hxg5 56. Bxg5 Kxa7 57. Kxe6
Nc7+ 58. Kd7 Kb7 {with dead draw.}) 55... hxg5 56. fxg5 Nc7 57. g6 (57. Kf6
Nd5+ 58. Kxe6 Nf4+ 59. Kf5 Nh5 $11) 57... Ne8 58. Kxe6 Kxa7 {Only with a pawn
on h7 White could win this position.} 59. Kd7 (59. Kf7 Nd6+ 60. Ke7 Nf5+ 61.
Kf6 Nh6 $11) (59. Kd7 Ng7 $11) 1/2-1/2

[Event "RUS-chT 12th"]
[Site "Sochi"]
[Date "2005.04.25"]
[Round "7"]
[White "Svidler, Peter"]
[Black "Malakhov, Vladimir"]
[Result "1/2-1/2"]
[WhiteElo "2725"]
[BlackElo "2670"]
[Annotator "Golod,V"]
[PlyCount "174"]
[EventDate "2005.04.19"]
[EventType "team-tourn"]
[EventRounds "11"]
[EventCountry "RUS"]
[SourceTitle "EXT 2020"]
[Source "ChessBase"]
[SourceDate "2019.10.17"]
[SourceVersion "1"]
[SourceVersionDate "2019.10.17"]
[SourceQuality "1"]
[WhiteTeam "Kazan Ladya"]
[BlackTeam "Moscow Youth of"]
[WhiteTeamCountry "RUS"]
[BlackTeamCountry "RUS"]

1. e4 c5 2. Nf3 Nc6 3. d4 cxd4 4. Nxd4 Nf6 5. Nc3 e6 6. Nxc6 bxc6 7. e5 Nd5 8.
Ne4 Bb7 {Peter Leko's novelty.} 9. c4 Nb4 10. c5 Ba6 11. Bxa6 Nxa6 12. Qd4 $5 {
I strongly recommended this move in my analysis 4 years ago.} (12. O-O $2 {
You can see the annotations to Shabalov,A-Vescovi,G/Paget Parish,2001/CBM 81
(0-1)(Golod,V)(33)}) 12... Be7 (12... Rb8 $5 13. Bd2 Be7 14. Rd1 (14. Bc3 O-O
15. O-O Nc7 {/\Nd5} 16. Ba5 Qc8 17. Nf6+ Bxf6 18. exf6 gxf6 19. Bxc7 Qxc7 20.
Qxf6 Qd8 $14) 14... O-O 15. Bc3 Rb7 16. O-O f5 17. exf6 Bxf6 18. Nxf6+ gxf6 19.
Rd3 $16 {Nedev,T-Malakhatko,V/Leon,2001(1/2-1/2)(61)}) (12... Qa5+ $5 13. Bd2
Qb5 14. b4 Be7 15. a4 (15. a3 $5) 15... Qb7 16. O-O O-O 17. Rab1 $14) (12...
Nxc5 $4 13. Nxc5 Qa5+ 14. b4 $18) 13. O-O O-O $5 $146 {New attempt to solve
the opening problems.} (13... Rb8 $5 14. Bd2 O-O 15. Rad1 Nc7 16. Ba5 Qc8 17.
Nf6+ Bxf6 18. exf6 Nd5 19. fxg7 Re8 20. Rd3 f6 21. Qh4 Re7 22. Bc3 e5 23. f4
exf4 24. Bxf6 Nxf6 25. Qxf6 Rf7 26. Qd4 $16 {Peng Xiaomin-Zhang Zhong/HeiBei,
2001(1-0)(39)}) 14. Rd1 {<->d; קd7} f5 {Black aspires to open the game, in
order to make use of his advantage in development. Another move with a similar
idea, that deserves attention, is:} (14... Rb8 $5 15. a3 (15. Qxd7 Nxc5 16.
Nxc5 Bxc5 $15) 15... f5 16. exf6 Bxf6 17. Qd3 (17. Qxd7 Qxd7 18. Rxd7 Rfd8 19.
Nxf6+ gxf6 20. Rxd8+ Rxd8 21. Be3 $14) 17... Nc7 18. Qxd7 Be5 19. g3 $14) 15.
exf6 Bxf6 16. Qxd7 {It's not so clear, whether the attempt to use Black's bad
knight position, was much better:} (16. Qd3 $5 Nb4 17. Qxd7 Qxd7 18. Rxd7 Rad8
$44) 16... Qxd7 17. Rxd7 Rfd8 18. Nxf6+ (18. Rxd8+ $5 Rxd8 19. Nxf6+ gxf6 20.
Be3 Nb4 $44 {with a rook on the open d-file and an active knight Black has
good compensation for pawn.}) (18. Rd6 $2 Nxc5 $15) 18... gxf6 19. Rd6 {
The idea of this move - to force Black to take the c-pawn, and open the c-file
and /^ a7-g1 for the white pieces.} (19. Rxd8+ $5 {- see previous variant.})
19... Nxc5 20. Rxd8+ Rxd8 21. Be3 {+/=/= White has advantage in this endgame
because of the weak black pawns. White's bishop is also stronger in comparison
with the black knight, especially in case of a play in two sides. A general
plan of White in this position - to take black pawn on a7 and run with his
a-pawn. But Black has good chances for counterplay, because his pieces are
very active.} Na4 22. Rc1 $5 {Peter Svidler doesn't see the necessity to
protect his b-pawn. More important for him is to activate his rook and attack
the pawns at the queen side.} (22. b3 $5 Nc3 23. Kf1 a6 $11) 22... Nxb2 23. Kf1
Nd3 $6 {A serious mistake. Black needs to protect his c-pawn at first. After
this move White forces an endgame with an extra pawn.} (23... Rd6 $5 24. Bxa7
Nd3 25. Rc4 e5 26. Bb8 Re6 27. a4 $14 {[%cal Ga4a5,Ga5a6,Ga6a7,Ga7a8]}) 24.
Rxc6 Nb4 25. Rxe6 Kf7 26. Re4 Nxa2 27. g3 $5 (27. Bxa7 $5 Rd1+ 28. Re1 Rxe1+
29. Kxe1 {even with an extra pawn, White has no chance to win this position.
Therefore, Svidler refrained from rook exchanges now and in future.}) 27... Rd7
28. Ra4 Nc3 29. Ra5 $1 Kg6 30. Bxa7 {In the last 10 moves White greatly
enlarged his advantage and now has an extra pawn. But he still needs to work
hard in order to convert his advantage for a point.} Rd6 31. Kg2 h5 $14 32. Be3
Nd5 33. Bc5 Rd7 34. Ra4 Ne7 35. f3 (35. Bxe7 $5 Rxe7 {- RR ending looks
drawish, so there is no reason to exchange the bishop for the knight.}) 35...
Rd2+ 36. Kh3 Nc6 37. g4 {White wants to create a passed pawn on the h-file.}
Ne5 38. gxh5+ Kxh5 39. Kg3 Nxf3 $5 {An interesting decision. The ending R+B
against R is theoretical drawn, but in a practical game it is frequently not
so easy to do it. In this game Vladimir Malakhov demonstrates perfect
knowledge of theory. Also possible to play:} (39... Rd3 $5 40. Rf4 Kg6 {
with good chances for draw.}) 40. Kxf3 Rxh2 41. Ra6 Kg5 42. Bd4 Rh3+ 43. Ke4
f5+ 44. Ke5 Rb3 45. Ra1 Rb5+ 46. Ke6 f4 47. Ra4 Rb1 48. Bf6+ Kg4 49. Be5 Rf1
50. Kf6 Rf2 51. Rc4 Rf3 52. Bd6 Rf2 53. Bc7 Rf3 $2 {After this move White
takes black's last pawn. Therefore, much better was:} (53... Rf1 {,saving for
the present the pawn.}) 54. Rc5 Rf1 (54... Rf2 $144 55. Rg5+ Kf3 56. Kf5 {
[%csl Rf4]} Ke3 $140 $2 57. Bb6+) (54... Rb3 $144 55. Rg5+ Kf3 56. Rf5 Rb4 57.
Kg5) 55. Rg5+ Kf3 56. Bxf4 $5 {[%csl Rf1,Rf3][%cal Gg5f5,Gf5f1] Nice tactical
hit. But, unfortunately for Peter Svidler, it's not enough for win.} Ke4 57.
Re5+ Kd4 58. Kf5 Rf3 59. Re8 Rd3 60. Ra8 Kd5 61. Ra5+ Kc4 62. Be5 Rd1 63. Ra8
Rf1+ 64. Ke6 Rb1 65. Rc8+ Kd3 66. Rc3+ Ke4 67. Rc4+ Kd3 68. Rh4 Rb5 {It's not
easy for White even remove black's king to backrank.} 69. Rd4+ Ke3 70. Kf5 Rb1
71. Ra4 Kd3 72. Rd4+ Ke3 73. Rc4 Rf1+ 74. Ke6 Rd1 75. Bf4+ Kf3 76. Kf5 Rd5+ 77.
Be5 Ke3 78. Rc8 Rd1 79. Bf4+ Kd3 80. Rc7 Re1 81. Be5 Rf1+ 82. Ke6 Rb1 83. Rc3+
Ke4 84. Rc4+ Kd3 85. Rd4+ Ke3 86. Ra4 Kd3 87. Bd4 Rb5 {During last 30 moves
White didn't really improve his position.Therefore the opponents agreed to a
draw.} 1/2-1/2